00551nam a2200133Ia 4500008004100000020001800041100005100059245012400110260002700234650002200261856004200283999001900325952007300344171212s9999 xx 000 0 und d a9780833049612 aPaul, Christopher;Clarke, Colin P.;Grill, Beth cPaul, Christopher;Clarke, Colin P.;Grill, BethaVictory Has a Thousand FathersbSources of Success in Counterinsurgency bRAND Corporationc2010 aPolitical Science uwww.jstor.org/stable/10.7249/mg964osd c352802d352802 001040aCLbCLd2017-12-12l0r2017-12-12 00:00:00w2017-12-12yCBE